Finding Private Venture Capital for Your Firm <A> Complete Guide
Saved in:
| Main Author: | |
|---|---|
| Format: | Book |
| Language: | English |
| Published: |
New York
Wiley and Sons
1989
|
| Edition: | 1. ed. |
| Subjects: | |
| Tags: |
No Tags, Be the first to tag this record!
|
MARC
| LEADER | 00000nam a2200000 4500 | ||
|---|---|---|---|
| 001 | c021488 | ||
| 005 | 20221215113804.4 | ||
| 020 | |a 0-471-61008-9 | ||
| 041 | 0 | |a eng | |
| 044 | |a US | ||
| 245 | 1 | 0 | |a Finding Private Venture Capital for Your Firm |b <A> Complete Guide |c Robert J. Gaston |
| 250 | |a 1. ed. | ||
| 264 | 1 | |a New York |b Wiley and Sons |c 1989 | |
| 300 | |a 260 s. | ||
| 610 | 2 | 0 | |a kapitál rizikový |
| 610 | 2 | 0 | |a podnikanie súkromné |
| 610 | 2 | 0 | |a firmy |
| 100 | 1 | |a Gaston, Robert J. | |